| 000 | 00839nam a2200265Ia 4500 | ||
|---|---|---|---|
| 003 | OSt | ||
| 005 | 20221005042549.0 | ||
| 006 | a|||||r|||| 00| 0 | ||
| 007 | ta | ||
| 008 | 221004b |||||||| |||| 00| 0 eng d | ||
| 020 |
_a9783319210933 (hbk) _c7615.23 |
||
| 024 | _a25632 | ||
| 037 |
_bABC/15-16/164, 18/03/2016, Aviva Book Company _cTextual |
||
| 040 |
_aCRL _cCRL _beng |
||
| 041 |
_2eng _aeng |
||
| 082 | _aS, Q6 | ||
| 100 |
_aValsiner Jaan _935197 |
||
| 245 | 0 |
_aPsychology as the science of human being _b The yokohama manifesto |
|
| 260 |
_aDenmark _bSpringer Switerland _c2016 |
||
| 300 |
_axxiii, 375p. _ccm. |
||
| 490 | _aAnnals of theoretical psychology | ||
| 650 | _aPSYCHOLOGY | ||
| 942 |
_hS, Q6 _cTEXL _2cc |
||
| 999 |
_c950422 _d950422 |
||